| 000 | 00958nam a2200313Ia 4500 | ||
|---|---|---|---|
| 001 | 055270 | ||
| 008 | 221003m2019 xx 000 0 cat d | ||
| 035 | _aCENDO_44861 | ||
| 041 | _acat | ||
| 245 | 0 | _a17 de maig, Dia contra la LGTBIfòbia | |
| 260 |
_aBarcelona : _bCCOO de Catalunya, _c2019 |
||
| 300 |
_a1 p. ; _c 30 cm |
||
| 500 | _aEn: Llu!ta Digital, n. 321 (mayo 2019), p. 4 | ||
| 650 |
_aIGUALDAD DE DERECHOS _91832 |
||
| 650 |
_aORIENTACION SEXUAL _96099 |
||
| 650 |
_aDISCRIMINACION POR RAZONES DE SEXO _9201 |
||
| 650 |
_aGENERO _929686 |
||
| 650 | 0 |
_aACTITUD SINDICAL _961 |
|
| 710 |
_aCCOO _bCONC, _eed. _92438 |
||
| 856 |
_zPDF _uhttp://docpublicos.ccoo.es/cendoc/055270DiaContraLgtbifobia.pdf |
||
| 901 | _a0 | ||
| 903 | _aNO | ||
| 904 | _a000 | ||
| 907 | _aIgualdad de oportunidades | ||
| 953 |
_d2019-05-20 _yDOCU_ELEC _hLlu!ta Digital, n. 321 (mayo 2019), p. 4 _tPS88 |
||
| 999 |
_c44860 _d44860 |
||
| 910 | _a2019 | ||
| 942 | _cDOCU_ELEC | ||